ბათუმის შოთა რუსთაველის სახელმწიფო უნივერსიტეტის ბიბლიოთეკა

ანალიზური ქიმია(თვისებითი ანალიზი). (ბიბ.ჩანაწერი № 35464)

000 -LEADER
fixed length control field 00949nam a2200217Ia 4500
001 - CONTROL NUMBER
control field 1322
003 - CONTROL NUMBER IDENTIFIER
control field GE_BSU
008 - FIXED-LENGTH DATA ELEMENTS--GENERAL INFORMATION
fixed length control field 181216s||||||||xx |||||||||||||| ||und||
040 ## - CATALOGING SOURCE
Transcribing agency GE_BSU
100 ## - MAIN ENTRY--PERSONAL NAME
Personal name ვიშნევსკი, ი.
245 ## - TITLE STATEMENT
Title ანალიზური ქიმია(თვისებითი ანალიზი).
245 ## - TITLE STATEMENT
Remainder of title სახელმზღვანელო კვების მრეწველობის ტექნიკუმების მოსწავლეებისათვის.
260 ## - PUBLICATION, DISTRIBUTION, ETC.
Place of publication, distribution, etc. თბილისი
260 ## - PUBLICATION, DISTRIBUTION, ETC.
Name of publisher, distributor, etc. განათლება
260 ## - PUBLICATION, DISTRIBUTION, ETC.
Date of publication, distribution, etc. 1977
300 ## - PHYSICAL DESCRIPTION
Extent 208 გვ. 21 სმ.
653 ## - INDEX TERM--UNCONTROLLED
Uncontrolled term ანალიზური ქიმიის სახელმძღვანელოები ტექნიკუმებისათვის
653 ## - INDEX TERM--UNCONTROLLED
Uncontrolled term თვისებითი ანალიზი;
942 ## - ADDED ENTRY ELEMENTS (KOHA)
Koha item type წიგნი
ეგზემპლარები
Withdrawn status Lost status Damaged status Not for loan Date acquired Barcode Date last seen Price effective from Koha item type
        2018-12-17 2686 2018-12-17 2018-12-17 წიგნი